[Event "Challenge"]
[Site "http://www.queenalice.com/game.php?id=1161744"]
[Date "2013.3.17"]
[Round "-"]
[White "caboclo"]
[Black "Rafvanmar"]
[Result "1-0"]
[WhiteElo "2503"]
[BlackElo "2473"]

1. e4 d6 2. d4 Nf6 3. Nc3 g6 4. Nf3 Bg7 5. Be2 O-O 6. O-O c5 7. d5 Na6 8. Re1
Nc7 9. a4 e6 10. dxe6 Bxe6 11. Bf4 d5 12. Bxc7 Qxc7 13. exd5 Rad8 14. Nb5 Qb8
15. dxe6 Rxd1 16. exf7+ Rxf7 17. Raxd1 Kf8 18. Ng5 Re7 19. Bc4 a6 20. Nc3 Rxe1+
21. Rxe1 h6 22. Ne6+ Kg8 23. g3 Kh7 24. Nf4 g5 25. Ne6 Qd6 26. Rd1 Qb6 27. Rd8
Kg6 28. Rb8 h5 29. Nd1 Kh6 30. Ne3 Qxb2 31. Bd3 c4 32. Nxc4 Qb4 33. Kg2 1-0

[Event "sical-2"]
[Site "http://www.queenalice.com/game.php?id=1228825"]
[Date "2013.10.31"]
[Round "4"]
[White "Rafvanmar"]
[Black "Phil_Corrigan"]
[Result "1-0"]
[WhiteElo "2462"]
[BlackElo "2506"]

1. d4 Nf6 2. c4 g6 3. Nc3 Bg7 4. e4 d6 5. Nf3 O-O 6. Be2 e5 7. Be3 Ng4 8. Bg5 f6
9. Bh4 g5 10. Bg3 Nh6 11. d5 Nf7 12. h4 Nd7 13. Nd2 a5 14. hxg5 fxg5 15. Qc2 Nh8
16. Bg4 Nc5 17. Bxc8 Rxc8 18. O-O-O Ng6 19. Kb1 c6 20. Nf1 Nf4 21. Ne3 cxd5 22.
Ncxd5 Nce6 23. Nf5 1-0

[Event "AUTO-ELITE-1053"]
[Site "http://www.queenalice.com/game.php?id=1238869"]
[Date "2013.12.9"]
[Round "2"]
[White "Rafvanmar"]
[Black "rsgaspar"]
[Result "1/2-1/2"]
[WhiteElo "2470"]
[BlackElo "2454"]

1. d4 d5 2. c4 e6 3. Nc3 c6 4. Nf3 Be7 5. e4 dxe4 6. Nxe4 Nf6 7. Bd3 O-O 8. O-O
h6 9. Nxf6+ Bxf6 10. Bc2 c5 11. Qd3 g6 12. Bxh6 Re8 13. Rad1 Nc6 14. Ba4 cxd4
15. Bxc6 bxc6 16. Nxd4 Bb7 17. Qe3 Qe7 18. Nb3 Red8 19. Nc5 Rxd1 20. Rxd1 Rd8
21. Rxd8+ Qxd8 22. Qc1 Ba8 23. h3 Qb6 24. Nd7 Qxb2 25. Nxf6+ Qxf6 26. Qa3 Kh7
27. Be3 Qa1+ 28. Kh2 Qe5+ 29. g3 c5 30. Qxa7 Qe4 31. Qxf7+ Kh8 32. Qf8+ Kh7 33.
Qe7+ Kg8 34. Qd8+ Kg7 35. Qe7+ Kg8 36. Qe8+ Kg7 37. Qe7+ Kg8 1/2-1/2

[Event "AUTO-ELITE-1053"]
[Site "http://www.queenalice.com/game.php?id=1238870"]
[Date "2013.12.9"]
[Round "2"]
[White "rsgaspar"]
[Black "Rafvanmar"]
[Result "1-0"]
[WhiteElo "2464"]
[BlackElo "2470"]

1. e4 d6 2. Nf3 Nf6 3. Nc3 g6 4. d4 Bg7 5. Be2 O-O 6. O-O Bg4 7. Bg5 Nc6 8. h3
Bxf3 9. Bxf3 e5 10. dxe5 Nxe5 11. Be2 h6 12. Be3 Re8 13. Re1 Nc6 14. Bd3 a6 15.
Qd2 Kh7 16. Rad1 b5 17. f3 Ne5 18. Be2 Rb8 19. b3 b4 20. Na4 a5 21. c4 Qe7 22.
c5 Rbd8 23. cxd6 Rxd6 24. Qc2 Rc6 25. Qb1 Ned7 26. Bb5 Rd6 27. Bc4 Rd8 28. Rxd6
cxd6 29. Qc1 Ne5 30. Ba6 Nh5 31. Rd1 Nf4 32. Bxf4 Qa7+ 33. Nc5 Qb6 34. Be3 dxc5
35. Rxd8 Qxd8 36. Qxc5 Qd1+ 37. Kh2 g5 38. f4 Ng6 39. Qf5 Qe1 40. Bb6 gxf4 41.
Bc4 Qg3+ 42. Kh1 Qe1+ 43. Bg1 f6 44. Bf7 Qg3 45. Bf2 Qg5 46. Bxg6+ Qxg6 47. Qxf4
Qh5 48. Qf5+ Qxf5 49. exf5 Bf8 50. Bb6 h5 51. Kg1 Kh6 52. h4 Kg7 53. Kf2 Kf7 54.
Bxa5 Bc5+ 55. Kf3 Ke7 56. Ke4 Kd7 57. Kd5 Bd6 58. Kc4 Bg3 59. Bxb4 Bxh4 60. a4
Kc6 61. Bc3 Bg5 62. b4 Kb7 63. b5 1-0

[Event "AUTO-ELITE-1294"]
[Site "http://www.queenalice.com/game.php?id=1260296"]
[Date "2014.2.26"]
[Round "1"]
[White "kobra23"]
[Black "Rafvanmar"]
[Result "1-0"]
[WhiteElo "2622"]
[BlackElo "2458"]

1. d4 g6 2. e4 Bg7 3. Nc3 d6 4. Be3 a6 5. Nf3 Nf6 6. Bd3 b5 7. O-O O-O 8. a4 b4
9. Ne2 Bb7 10. Ng3 Ng4 11. Bd2 c5 12. h3 Nf6 13. c3 a5 14. dxc5 dxc5 15. Qc2 Nc6
16. Bf4 Nd7 17. Rad1 Qb6 18. Bb5 Rfd8 19. Ne2 Rac8 20. Bg5 Qc7 21. Nd2 h6 22.
Be3 Na7 23. Bxd7 Rxd7 24. Nb3 Rxd1 25. Rxd1 Qe5 26. Ng3 c4 27. Bxa7 cxb3 28.
Qxb3 Bxe4 29. Nxe4 Qxe4 30. cxb4 axb4 31. Be3 e6 32. a5 Ra8 33. Bb6 Qe2 34. Rb1
Qd2 35. Qf3 Rc8 36. a6 Qc2 37. Rf1 Qc4 38. Qb7 Re8 39. a7 1-0

[Event "AUTO-ELITE-1294"]
[Site "http://www.queenalice.com/game.php?id=1260297"]
[Date "2014.2.26"]
[Round "1"]
[White "Rafvanmar"]
[Black "kobra23"]
[Result "0-1"]
[WhiteElo "2447"]
[BlackElo "2619"]

1. d4 d5 2. c4 c6 3. Nc3 Nf6 4. Nf3 dxc4 5. e4 b5 6. e5 Nd5 7. a4 e6 8. Be2 Bb7
9. O-O a6 10. Ne4 h6 11. Bd2 Nd7 12. b3 cxb3 13. Qxb3 b4 14. Rfc1 a5 15. Rc2 Be7
16. Rac1 O-O 17. Ne1 f5 18. exf6 N7xf6 19. Ng3 Qb6 20. Be3 Kh8 21. Nd3 Nxe3 22.
fxe3 Nd5 23. Ne5 Bg5 24. Nf1 Rf5 25. Rc5 Rxe5 26. dxe5 Rf8 27. Bf3 Rf5 28. Qd3
Rxe5 29. Kh1 Rf5 30. Qe4 Be7 31. R5c4 c5 32. Ng3 Rg5 33. R4c2 b3 34. Rf2 b2 35.
Rb1 Bf6 36. Qd3 c4 37. Qxc4 Nxe3 38. Qf4 Bd5 39. Re2 Nc4 40. Bxd5 exd5 41. Qf3
Re5 42. Rxe5 Bxe5 43. Qxd5 Qd4 44. Qxd4 Bxd4 45. Ne4 Na3 46. Nd2 Nxb1 47. Nxb1
g5 48. g4 Kg7 49. Kg2 Kf6 50. Kf3 Ke5 0-1

[Event "AUTO-ELITE-1294"]
[Site "http://www.queenalice.com/game.php?id=1260304"]
[Date "2014.2.26"]
[Round "1"]
[White "Rafvanmar"]
[Black "Hot_Tracy"]
[Result "1/2-1/2"]
[WhiteElo "2471"]
[BlackElo "2585"]

1. d4 Nf6 2. c4 e6 3. Nc3 Bb4 4. Qb3 c5 5. dxc5 Nc6 6. Bg5 h6 7. Bxf6 Qxf6 8. e3
Bxc3+ 9. Qxc3 Qxc3+ 10. bxc3 b6 11. cxb6 axb6 12. Nf3 Ke7 13. Bd3 Na5 14. Nd2
Ba6 15. Ke2 Rhc8 16. Rhb1 Nxc4 17. Nxc4 Bxc4 18. Rxb6 Ra3 19. Bxc4 Rxc4 20. Rb7
Kd8 21. Rb8+ Ke7 22. Rb7 Rc8 23. Rd1 Rxa2+ 24. Kf3 Rd8 25. c4 Rc2 26. Rc7 f5 27.
h3 g6 28. g4 h5 29. gxf5 gxf5 30. c5 Kf6 31. Rd4 Ke7 32. Rd6 h4 33. Rd4 e5 34.
Rd5 Ke6 35. Rd6+ Ke7 36. Rd5 Ke6 1/2-1/2

[Event "AUTO-ELITE-1294"]
[Site "http://www.queenalice.com/game.php?id=1260305"]
[Date "2014.2.26"]
[Round "1"]
[White "Hot_Tracy"]
[Black "Rafvanmar"]
[Result "1/2-1/2"]
[WhiteElo "2563"]
[BlackElo "2473"]

1. e4 g6 2. d4 Bg7 3. Nc3 d6 4. Be3 a6 5. Qd2 b5 6. a4 b4 7. Nd1 Nf6 8. f3 a5 9.
c3 bxc3 10. bxc3 O-O 11. Bd3 Ba6 12. Ne2 Bxd3 13. Qxd3 Nbd7 14. O-O c5 15. Bg5
h6 16. Bh4 Qc7 17. Ne3 Rab8 18. Rfb1 Rfc8 19. Rb5 Rxb5 20. axb5 e6 21. Bg3 c4
22. Qc2 Ra8 23. Qc1 Nb6 24. Qb1 Qd7 25. h4 d5 26. e5 Ne8 27. h5 g5 28. f4 Qe7
29. Qf1 a4 30. fxg5 Qxg5 31. Qf3 Nc7 32. Bf4 Qe7 33. Ng4 Kh7 34. Nf6+ Bxf6 35.
exf6 Qd8 36. Qe3 Ne8 37. Bxh6 Qxf6 38. Bf8 Ng7 39. Bc5 Nd7 40. b6 1/2-1/2

[Event "Challenge"]
[Site "http://www.queenalice.com/game.php?id=1267737"]
[Date "2014.3.24"]
[Round "-"]
[White "Apatride"]
[Black "Rafvanmar"]
[Result "1-0"]
[WhiteElo "2692"]
[BlackElo "2470"]

1. e4 g6 2. d4 Bg7 3. Nc3 d6 4. Nf3 c6 5. Be2 b5 6. a3 Nd7 7. O-O Qc7 8. Re1
Ngf6 9. e5 dxe5 10. Nxe5 Nxe5 11. dxe5 Nd7 12. f4 O-O 13. Qd4 Rd8 14. Qf2 Nb6
15. Qc5 Qb7 16. a4 bxa4 17. Bd3 Nd5 18. Rxa4 Bd7 19. Ne4 Bf5 20. Qf2 Qb6 21. b3
f6 22. Nc5 Bxd3 23. Nxd3 fxe5 24. fxe5 Rf8 25. Qd4 Rad8 26. Rc4 Rc8 27. Nc5 Rf5
28. g4 Rf3 29. Bd2 Rd8 30. Ne6 c5 31. Qe4 Qxe6 32. Qxf3 Nb6 33. Ba5 Nxc4 34.
Bxd8 Nxe5 35. Qe4 Bf6 36. Bc7 Qxg4+ 37. Qxg4 Nxg4 38. h3 Nh6 39. Be5 Kf7 40.
Bxf6 Kxf6 41. Re3 Nf7 42. Rc3 Ng5 43. Rxc5 Nxh3+ 44. Kf1 Nf4 45. Ra5 h5 46. b4
h4 47. c4 g5 48. c5 g4 49. c6 h3 50. Kg1 g3 51. c7 Ne2+ 52. Kf1 g2+ 53. Kxe2
g1=Q 54. c8=Q Qg2+ 55. Kd3 Qf3+ 56. Kc4 Qf1+ 57. Kb3 Qb1+ 58. Ka4 Qd1+ 59. Kb5
Qe2+ 60. Qc4 Qe5+ 61. Ka6 Qg3 62. Rc5 h2 63. Rh5 Qe3 64. Qh4+ Kf7 65. Rh7+ Ke8
66. Rh8+ Kd7 67. Qg4+ 1-0

[Event "Challenge"]
[Site "http://www.queenalice.com/game.php?id=1267739"]
[Date "2014.3.24"]
[Round "-"]
[White "Rafvanmar"]
[Black "Apatride"]
[Result "0-1"]
[WhiteElo "2475"]
[BlackElo "2621"]

1. d4 d5 2. c4 c6 3. Nf3 Nf6 4. cxd5 cxd5 5. Nc3 Nc6 6. e3 Bf5 7. Be2 h6 8. Qb3
Rb8 9. O-O e6 10. Bd2 a6 11. Rac1 Be7 12. Na4 Ne4 13. Nc5 Nxc5 14. dxc5 O-O 15.
Nd4 Be4 16. f3 Bh7 17. Qa3 Bf6 18. Bc3 e5 19. Nxc6 bxc6 20. Qxa6 d4 21. Rfd1 Qe7
22. Bd2 Rxb2 23. e4 Bg5 24. Bxg5 Qxg5 25. Bf1 f5 26. exf5 Bxf5 27. Kh1 Kh7 28.
Qxc6 Rf6 29. Qd5 Rg6 30. Qxe5 Rxg2 31. Bc4 Rxa2 32. Rg1 Bg4 33. Qg3 Rxh2+ 34.
Kxh2 Qh5+ 35. Kg2 Bxf3+ 36. Kf2 Be4 37. Be2 Qf5+ 38. Bf3 Rxg3 39. Rxg3 Bc6 40.
Rcg1 g5 41. Kg2 Qc2+ 42. Kh3 Bd7+ 43. Bg4 Bxg4+ 44. Rxg4 d3 45. Rd4 Qf2 46. Rgg4
Kg6 47. c6 h5 48. Rd6+ Kf7 49. Rgd4 g4+ 0-1

[Event "sical-2"]
[Site "http://www.queenalice.com/game.php?id=1271720"]
[Date "2014.4.10"]
[Round "5"]
[White "sical"]
[Black "Rafvanmar"]
[Result "1-0"]
[WhiteElo "2449"]
[BlackElo "2444"]

1. e4 g6 2. d4 Bg7 3. Nf3 d6 4. c3 Nf6 5. Bd3 O-O 6. O-O Nc6 7. h3 e5 8. Re1 Re8
9. d5 Ne7 10. Bg5 Nd7 11. c4 Nc5 12. Bc2 f6 13. Be3 f5 14. Nc3 f4 15. Bd2 a5 16.
a3 c6 17. b4 axb4 18. axb4 Rxa1 19. Qxa1 Na6 20. b5 Nc5 21. bxc6 bxc6 22. Na4
Nd7 23. Bb4 c5 24. Bd2 Rf8 25. Rb1 h6 26. Nb6 Nxb6 27. Ba5 Qe8 28. Rxb6 1-0

[Event "AUTO-ELITE-1337"]
[Site "http://www.queenalice.com/game.php?id=1284598"]
[Date "2014.5.28"]
[Round "1"]
[White "Rafvanmar"]
[Black "Fquita"]
[Result "0-1"]
[WhiteElo "2440"]
[BlackElo "2502"]

1. d4 Nf6 2. c4 e6 3. Nc3 Bb4 4. Qc2 O-O 5. Nf3 c5 6. a3 Bxc3+ 7. Qxc3 cxd4 8.
Qxd4 Nc6 9. Qd3 d5 10. cxd5 exd5 11. Bg5 h6 12. Bh4 Re8 13. Rd1 Bg4 14. b4 Rc8
15. Nd4 Ne5 16. Qb3 g5 17. Bg3 Nc4 18. h3 Bh5 19. h4 Ne4 20. hxg5 Qxg5 0-1

[Event "AUTO-ELITE-1337"]
[Site "http://www.queenalice.com/game.php?id=1284599"]
[Date "2014.5.28"]
[Round "1"]
[White "Fquita"]
[Black "Rafvanmar"]
[Result "1-0"]
[WhiteElo "2509"]
[BlackElo "2433"]

1. e4 g6 2. d4 Bg7 3. Nc3 d6 4. Nf3 c6 5. h3 b5 6. Be3 Nf6 7. Bd3 O-O 8. Qd2 Re8
9. O-O Qc7 10. e5 b4 11. Ne2 dxe5 12. Nxe5 Nd5 13. Bf4 f6 14. Nf3 Nxf4 15. Nxf4
e6 16. Bc4 Qd6 17. Nd3 a5 18. a3 Ba6 19. Bxa6 Nxa6 20. axb4 Nxb4 21. Nc5 1-0

[Event "AUTO-ELITE-1337"]
[Site "http://www.queenalice.com/game.php?id=1284600"]
[Date "2014.5.28"]
[Round "1"]
[White "Rafvanmar"]
[Black "Sexxy_Bunny"]
[Result "0-1"]
[WhiteElo "2466"]
[BlackElo "2484"]

1. d4 Nf6 2. c4 e6 3. Nf3 b6 4. a3 Bb7 5. Nc3 d5 6. cxd5 Nxd5 7. Qc2 Nxc3 8.
bxc3 Be7 9. e4 O-O 10. Bd3 c5 11. O-O Qc8 12. Qe2 Ba6 13. Bf4 Bxd3 14. Qxd3 Nd7
15. Rfd1 Rd8 16. a4 cxd4 17. cxd4 Qb7 18. Qe2 Nf6 19. Bg5 h6 20. Bxf6 Bxf6 21.
a5 b5 22. a6 Qb6 23. Qe3 Rac8 24. h3 b4 25. Rd3 Rc4 26. e5 Be7 27. Rb3 Rdc8 28.
Kh2 Rc3 29. Rxc3 bxc3 30. Rc1 Qb2 31. Ng1 c2 32. Ne2 Ba3 33. Rf1 Qb5 0-1

[Event "AUTO-ELITE-1337"]
[Site "http://www.queenalice.com/game.php?id=1284601"]
[Date "2014.5.28"]
[Round "1"]
[White "Sexxy_Bunny"]
[Black "Rafvanmar"]
[Result "1-0"]
[WhiteElo "2537"]
[BlackElo "2453"]

1. e4 g6 2. d4 Bg7 3. Nc3 d6 4. Be3 c6 5. Qd2 b5 6. Bd3 Nf6 7. Nf3 O-O 8. Bh6
Bg4 9. Bxg7 Kxg7 10. e5 dxe5 11. dxe5 Nfd7 12. Qe3 Qc7 13. e6 Bxe6 14. h4 h5 15.
O-O-O Nf6 16. Ng5 Bd7 17. Qxe7 Na6 18. Nge4 Nxe4 19. Bxe4 Be8 20. Qd6 Qxd6 21.
Rxd6 Rb8 22. Rhd1 Rb6 23. a3 f5 24. Bf3 Nc7 25. Ne2 Rf6 26. Rd8 c5 27. Rc8 Rf7
28. Rdd8 Kf8 29. Nf4 Re7 30. Nd5 Ne6 31. Nxe7 Nxd8 32. Nxg6+ Bxg6 33. Rxd8+ Ke7
34. Rc8 Kd6 35. g3 b4 36. a4 Ra6 37. b3 Bf7 38. Rf8 Ke7 39. Rh8 1-0

[Event "AUTO-OPEN-3295"]
[Site "http://www.queenalice.com/game.php?id=1296866"]
[Date "2014.7.24"]
[Round "1"]
[White "Rafvanmar"]
[Black "clovis"]
[Result "1-0"]
[WhiteElo "2436"]
[BlackElo "1959"]

1. d4 d5 2. c4 c6 3. Nc3 e6 4. Nf3 Nf6 5. Bg5 dxc4 6. e4 b5 7. e5 h6 8. Bh4 g5
9. Nxg5 hxg5 10. Bxg5 Be7 11. exf6 Bxf6 12. Bxf6 Qxf6 13. a4 Bb7 14. axb5 Nd7
15. Bxc4 cxb5 16. Nxb5 Bxg2 17. Rg1 Rxh2 18. Nc7+ Ke7 19. Nxa8 Bxa8 20. Qd2 Nb6
21. Rxa7+ Kd6 22. Qb4+ 1-0

[Event "AUTO-OPEN-3295"]
[Site "http://www.queenalice.com/game.php?id=1296867"]
[Date "2014.7.24"]
[Round "1"]
[White "clovis"]
[Black "Rafvanmar"]
[Result "0-1"]
[WhiteElo "1963"]
[BlackElo "2437"]

1. e4 g6 2. Bc4 Bg7 3. Nf3 d6 4. O-O c6 5. Nc3 b5 6. Nxb5 d5 7. exd5 cxb5 8.
Bxb5+ Bd7 9. Qe2 Nf6 10. Ne5 O-O 11. Nxd7 Nbxd7 12. c4 Rb8 13. a4 Nc5 14. b4 Nb3
15. Rb1 Nd4 16. Qe3 Nxb5 17. axb5 Qd6 18. d4 Qc7 19. Qe5 Qxc4 20. Qxe7 Nxd5 21.
Qc5 Rfc8 22. Qxc4 Rxc4 23. Ra1 Bxd4 24. Rxa7 Bxa7 0-1

[Event "AUTO-OPEN-3295"]
[Site "http://www.queenalice.com/game.php?id=1296868"]
[Date "2014.7.24"]
[Round "1"]
[White "Rafvanmar"]
[Black "RobertD"]
[Result "1-0"]
[WhiteElo "2443"]
[BlackElo "2019"]

1. d4 g6 2. c4 Bg7 3. Nc3 c5 4. Nf3 cxd4 5. Nxd4 Nf6 6. e4 Nc6 7. Be3 O-O 8. Be2
e5 9. Ndb5 a6 10. Nd6 Qc7 11. c5 b5 12. cxb6 Qb8 13. Bc5 Rd8 14. Bc4 Rf8 15. Nd5
Nxe4 16. Nxe4 f5 17. Ne7+ Kh8 18. Nxg6+ hxg6 19. Qf3 1-0

[Event "AUTO-OPEN-3295"]
[Site "http://www.queenalice.com/game.php?id=1296869"]
[Date "2014.7.24"]
[Round "1"]
[White "RobertD"]
[Black "Rafvanmar"]
[Result "0-1"]
[WhiteElo "2021"]
[BlackElo "2442"]

1. d4 Nf6 2. Bg5 e6 3. e4 h6 4. Bxf6 Qxf6 5. Nf3 d6 6. e5 dxe5 7. dxe5 Qf4 8. c3
Nd7 9. Nbd2 Nxe5 10. Nxe5 Qxe5+ 11. Be2 Bd7 12. Nf3 Qe4 13. O-O O-O-O 14. Bd3
Qf4 15. Qe2 Bc6 16. Rae1 Bxf3 17. Qxf3 Qxf3 18. gxf3 Rxd3 0-1